000 00468nam a2200181Ia 4500
001 11362
005 20260306162822.0
008 260306t2021||||xx |||||||||||||| ||spa||
041 _aESP
082 _a985.04
_bA77
100 _aArrambide Cruz, Víctor
_eAUT
245 0 _aLa expedición libertadora:
_bentre el Océano Pacifico y los Andes
260 _c2021
300 _a621 páginas :
_c23 cm.
650 _aGEN
654 _aCHU
942 _cLIB
_dJUS
_fJUS
_2ddc
_n
999 _c11362
_d11362